000 01034cab a2200361 4500
001 ABS51111
008 090401t1994 xxu||||| |||| 00| 0 eng d
035 _a(Sirsi) u10761
041 _aeng
100 _aConnolly, J.
245 _aBath undermined by historic past
260 _c1994
350 _a0
490 _aConstruction News
_v(6376) 4 August 1994, 28(1)
520 _aDiscovers the problems of subsidence in araeas near Bath, which have been mined and the proposals form Halcrow and Partners to stabilise the area.
650 _aAQUIFERS
650 _aBATH STONE
650 _aBATH
650 _aCOMBE DOWN
650 _aINFILLING
650 _aLEACHING
650 _aMINING
650 _aPULVERISED FUEL ASH
650 _aQUARRYING
650 _aSIR WILLIAM HALCROW & PARTNERS
650 _aBUILT ENVIRONMENT-BUILDING MATERIALS-STONE
650 _aSUBSIDENCE
690 _aCONSERVATION
690 _aEnvironment
_96238
690 _aMINING AND MINERALS
942 _n0
948 _c04/03/1997
999 _c6840
_d6840